[Event "Styrian op U08/12 29th"]
[Site "Mureck"]
[Date "2023.08.08"]
[Round "8"]
[White "Schwarz, Timo"]
[Black "Pistol, Vadym"]
[Result "1-0"]
[WhiteElo "1143"]
[BlackElo "800"]
[PlyCount "120"]
[EventDate "2023.08.02"]
[EventRounds "9"]
[EventCountry "AUT"]
[SourceTitle "EXT 2024"]
[Source "ChessBase"]
[SourceDate "2023.10.10"]
[SourceVersion "1"]
[SourceVersionDate "2023.10.10"]
[SourceQuality "1"]

1. e4 d6 2. d4 Nf6 3. Nc3 c6 4. Nf3 Qa5 5. Bd2 Qc7 6. Be2 e5 7. dxe5 dxe5 8. h3 Bc5 9. Bd3 Nbd7 10. Qe2 Qb6 11. Na4 Qc7 12. Nxc5 Nxc5 13. Be3 Nxd3+ 14. cxd3 h6 15. 0-0 0-0 16. Rac1 Be6 17. a3 Rfd8 18. Rfd1 Rd7 19. Bc5 b6 20. Be3 c5 21. b4 c4 22. dxc4 Rxd1+ 23. Rxd1 Bxc4 24. Qc2 Rc8 25. Rc1 b5 26. Qc3 Nxe4 27. Qxe5 Qxe5 28. Nxe5 a6 29. Nxc4 bxc4 30. f3 Nd6 31. Bc5 Nb5 32. a4 Na3 33. Rc3 Nb1 34. Rxc4 Nd2 35. Rc3 Nb1 36. Rb3 Nd2 37. Rd3 Nc4 38. Rd4 Ne5 39. Rd6 a5 40. Rd5 Nc6 41. b5 Nb4 42. Bxb4 Rc1+ 43. Be1 Rxe1+ 44. Kf2 Rb1 45. Rd8+ Kh7 46. Ra8 Kg6 47. Rxa5 Kf6 48. Ra6+ Ke7 49. b6 Rb2+ 50. Kg3 g6 51. Ra7+ Ke6 52. a5 Rb4 53. Ra6 Kd7 54. Ra7+ Ke6 55. b7 Kd6 56. a6 Kc6 57. Ra8 Kc7 58. Rc8+ Kd6 59. b8Q+ Rxb8 60. Rxb8 Kc7 1-0

[Event "Styrian op U08/12 29th"]
[Site "Mureck"]
[Date "2023.08.04"]
[Round "3"]
[White "Winkelmayr, Raphael"]
[Black "Schwarz, Timo"]
[Result "0-1"]
[WhiteElo "980"]
[BlackElo "1143"]
[PlyCount "164"]
[EventDate "2023.08.02"]
[EventRounds "9"]
[EventCountry "AUT"]
[SourceTitle "EXT 2024"]
[Source "ChessBase"]
[SourceDate "2023.10.10"]
[SourceVersion "1"]
[SourceVersionDate "2023.10.10"]
[SourceQuality "1"]

1. Nf3 Nc6 2. d4 d5 3. c4 e6 4. Nc3 Nf6 5. Bf4 Bd7 6. e3 h6 7. a3 Be7 8. Bd3 dxc4 9. Bxc4 Bd6 10. Bxd6 cxd6 11. 0-0 d5 12. Bd3 0-0 13. Rc1 Rc8 14. Re1 Re8 15. Qd2 Na5 16. Qd1 Nc6 17. Qd2 a6 18. h3 Nb8 19. Ne2 Rxc1 20. Rxc1 Bc6 21. Ne5 Nfd7 22. Nxc6 Nxc6 23. Nc3 Nf6 24. Na4 e5 25. dxe5 Nxe5 26. Qc2 Nxd3 27. Qxd3 Qd6 28. Nc3 Rc8 29. Rd1 Rd8 30. e4 d4 31. Ne2 Qe5 32. f3 Nh5 33. Nxd4 Nf4 34. Qe3 Rxd4 35. Rxd4 Qxd4 36. Qxd4 Ne2+ 37. Kf2 Nxd4 38. Ke3 Nb5 39. Kd3 Kf8 40. Kc4 Ke8 41. a4 Nc7 42. Kc5 Kd7 43. b4 Kc8 44. b5 axb5 45. axb5 Ne6+ 46. Kd6 Kd8 47. b6 Nf4 48. g4 Nxh3 49. e5 Ng5 50. f4 Ne4+ 51. Kd5 Nf2 52. g5 hxg5 53. fxg5 Nh3 54. g6 fxg6 55. Kd6 Nf4 56. e6 Nxe6 57. Kxe6 g5 58. Kf5 g4 59. Kxg4 Kd7 60. Kg5 Kc6 61. Kg6 Kxb6 62. Kxg7 Kc5 63. Kf6 b5 64. Ke5 Kc4 65. Ke4 Kc3 66. Ke3 b4 67. Ke2 Kc2 68. Ke3 b3 69. Kd4 b2 70. Ke5 b1Q 71. Kd5 Qd1+ 72. Ke4 Qd3+ 73. Ke5 Kc3 74. Ke6 Qb5 75. Kd6 Kd4 76. Ke6 Qe5+ 77. Kd7 Qf6 78. Kc7 Kd5 79. Kb7 Kc5 80. Ka8 Qe7 81. Kb8 Kb6 82. Ka8 Qb7# 0-1

[Event "AUT-chT District U18 Online Rapid"]
[Site "Playchess.com INT"]
[Date "2020.12.12"]
[Round "6"]
[White "Schwarz, Timo"]
[Black "Huber, Elisa"]
[Result "1/2-1/2"]
[WhiteElo "1522"]
[BlackElo "1603"]
[PlyCount "77"]
[EventDate "2020.12.12"]
[EventType "team-swiss (rapid)"]
[EventRounds "9"]
[EventCountry "AUT"]
[SourceTitle "EXT 2022"]
[Source "ChessBase"]
[SourceDate "2021.10.06"]
[SourceVersion "1"]
[SourceVersionDate "2021.10.06"]
[SourceQuality "1"]

1. e4 e5 2. d3 Nf6 3. Bg5 g6 4. Nf3 Bg7 5. Nxe5 d6 6. Nf3 h6 7. Bxf6 Qxf6 8. Nc3 Bg4 9. Be2 Nc6 10. 0-0 0-0-0 11. h3 Be6 12. Nd5 Qxb2 13. Qb1 Qxb1 14. Raxb1 Bxd5 15. exd5 Rde8 16. Rbe1 Nb4 17. Bd1 Nxa2 18. Rxe8+ Rxe8 19. c4 Nc3 20. Bc2 g5 21. Re1 Rxe1+ 22. Nxe1 Ne2+ 23. Kf1 Nd4 24. Bd1 f5 25. g4 f4 26. Nc2 Nxc2 27. Bxc2 Kd8 28. Ba4 Be5 29. Bd1 Ke7 30. Ke2 Kf6 31. Kf3 Bd4 32. Be2 Ke5 33. Bd1 c6 34. dxc6 bxc6 35. Ba4 c5 36. Bc6 Bc3 37. Bb7 Kd4 38. Ke2 a5 39. Bc6 1/2-1/2

[Event "AUT-chT District U18 Online Rapid"]
[Site "Playchess.com INT"]
[Date "2020.12.12"]
[Round "8"]
[White "Schwarz, Timo"]
[Black "Kaljikovic, Armin"]
[Result "1-0"]
[WhiteElo "1589"]
[BlackElo "1496"]
[PlyCount "91"]
[EventDate "2020.12.12"]
[EventType "team-swiss (rapid)"]
[EventRounds "9"]
[EventCountry "AUT"]
[SourceTitle "EXT 2022"]
[Source "ChessBase"]
[SourceDate "2021.10.06"]
[SourceVersion "1"]
[SourceVersionDate "2021.10.06"]
[SourceQuality "1"]

1. e4 e5 2. d3 d6 3. Nf3 Nf6 4. Nc3 Nc6 5. Bg5 h6 6. Bxf6 Qxf6 7. Be2 Be7 8. 0-0 Nb4 9. a3 Nc6 10. h3 0-0 11. Nd5 Qe6 12. Nxc7 Qd7 13. Nxa8 Qe6 14. Nc7 Qd7 15. Nd5 b5 16. Nxe7+ Qxe7 17. a4 bxa4 18. Rxa4 Qb7 19. b3 Nb4 20. Nd2 Bd7 21. Ra1 a6 22. Nc4 d5 23. Nxe5 dxe4 24. Nxd7 Qxd7 25. dxe4 Qc6 26. Bxa6 Nxa6 27. Qd5 Qc7 28. Rxa6 Qxc2 29. Ra8 Rxa8 30. Qxa8+ Kh7 31. Qb7 Qxe4 32. Qxf7 Qg6 33. Qxg6+ Kxg6 34. b4 Kf7 35. b5 Ke7 36. Rc1 g5 37. b6 h5 38. b7 g4 39. b8R gxh3 40. gxh3 Ke6 41. Rc5 Kd6 42. Rxh5 Kc7 43. Rg8 Kc6 44. Rg6+ Kd7 45. Rh7+ Kd8 46. Rg8# 1-0

[Event "AUT-chT District U18 Online Rapid"]
[Site "Playchess.com INT"]
[Date "2020.12.12"]
[Round "1"]
[White "Schwarz, Timo"]
[Black "Schirnik, Luis"]
[Result "1-0"]
[WhiteElo "1366"]
[BlackElo "1620"]
[PlyCount "91"]
[EventDate "2020.12.12"]
[EventType "team-swiss (rapid)"]
[EventRounds "9"]
[EventCountry "AUT"]
[SourceTitle "EXT 2022"]
[Source "ChessBase"]
[SourceDate "2021.10.06"]
[SourceVersion "1"]
[SourceVersionDate "2021.10.06"]
[SourceQuality "1"]

1. e4 e5 2. d3 Nf6 3. Nf3 Nc6 4. Nc3 d6 5. Bg5 Bg4 6. Be2 Bxf3 7. Bxf6 gxf6 8. Bxf3 Bh6 9. 0-0 Bg7 10. h3 0-0 11. Bg4 Ne7 12. Nd5 Nxd5 13. exd5 c6 14. dxc6 bxc6 15. Bf3 Qe7 16. Bxc6 Qc7 17. Bxa8 Rxa8 18. Qf3 Qc8 19. Rac1 Bh6 20. Rcd1 Qe8 21. Qg4+ Kf8 22. Qe4 Qd8 23. Qxh7 Ke7 24. Qxh6 Qh8 25. Qxh8 Rxh8 26. b4 Rb8 27. a3 d5 28. d4 exd4 29. Rxd4 Ke6 30. Re1+ Kd6 31. Red1 Ke7 32. Rxd5 Kf8 33. Rd8+ Rxd8 34. Rxd8+ Kg7 35. Rd7 f5 36. Rxa7 f4 37. b5 Kf6 38. b6 Ke6 39. b7 f5 40. b8Q Kf6 41. Qxf4 Kg6 42. Ra5 Kf6 43. Qxf5+ Kg7 44. Ra6 Kg8 45. Qd7 Kf8 46. Ra8# 1-0

[Event "AUT-ch U08 Online Blitz"]
[Site "Playchess.com INT"]
[Date "2020.12.11"]
[Round "3"]
[White "Scheucher, Florian"]
[Black "Schwarz, Timo"]
[Result "1-0"]
[WhiteElo "1620"]
[BlackElo "1478"]
[PlyCount "83"]
[EventDate "2020.12.11"]
[EventType "swiss (blitz)"]
[EventRounds "7"]
[EventCountry "AUT"]
[SourceTitle "EXT 2022"]
[Source "ChessBase"]
[SourceDate "2021.10.06"]
[SourceVersion "1"]
[SourceVersionDate "2021.10.06"]
[SourceQuality "1"]

1. d4 d5 2. Bf4 e6 3. e3 Nc6 4. c3 Be7 5. Bd3 Bd7 6. Nf3 Nf6 7. Nbd2 0-0 8. 0-0 h6 9. h3 a6 10. b4 Nh5 11. Bh2 Nf6 12. Be5 Nxe5 13. Nxe5 Bd6 14. f4 Bxe5 15. fxe5 Ne4 16. Bxe4 dxe4 17. Nxe4 Bc6 18. Nc5 b6 19. Nb3 Bd5 20. a4 b5 21. a5 Bxb3 22. Qxb3 c6 23. g4 Ra7 24. c4 bxc4 25. Qxc4 Qd5 26. Qxd5 cxd5 27. Rac1 Rd8 28. Rc6 Raa8 29. Rf4 Rdc8 30. Rd6 Rd8 31. Rb6 Rdb8 32. h4 Rxb6 33. axb6 Rb8 34. g5 hxg5 35. hxg5 Rxb6 36. Rg4 Rxb4 37. g6 fxg6 38. Rxg6 Rb3 39. Rxe6 Rxe3 40. Re8+ Kf7 41. Ra8 Rd3 42. Ra7+ 1-0